[Event "IECC O-3488"]
[Site "IECC email"]
[Date "2012.08.15"]
[Round "?"]
[White "Kellaway, Ted"]
[Black "Hillis, Sara"]
[Result "1-0"]
[WhiteElo "1091"]
[BlackElo "1000"]
[PlyCount "57"]
[EventDate "2012.??.??"]
[EventType "swiss (corr)"]
[EventRounds "2"]
[SourceTitle "Telechess CBM 165"]
[Source "ChessBase"]
[SourceDate "2015.03.11"]
[SourceVersion "1"]
[SourceVersionDate "2015.03.11"]
[SourceQuality "1"]
[WhiteTeam "South Africa"]
[BlackTeam "Canada"]
[WhiteTeamCountry "RSA"]
[BlackTeamCountry "CAN"]

1. e4 e5 2. Nf3 Qe7 3. Nc3 Nc6 4. d4 d5 5. Nxd5 exd4 6. Nxe7 Ngxe7 7. Bb5 Bg4 8. Bf4 0-0-0 9. Bc4 Na5 10. Qd3 Nec6 11. a3 Be7 12. Nd2 Bc5 13. f3 Rhe8 14. 0-0-0 Re7 15. fxg4 Ne5 16. Bxe5 Rxe5 17. Bxf7 Rf8 18. Rhf1 Be7 19. Kb1 Nc6 20. Rf3 g6 21. Rdf1 Bd6 22. Nc4 Rd8 23. Nxe5 Bxe5 24. Be6+ Rd7 25. Rf8+ Nd8 26. R1f7 c5 27. Qb5 Kc7 28. Rxd7+ Kc8 29. Rfxd8# 1-0